000 00531nam a2200169Ia 4500
003 GCL
008 140319s9999 xx 000 0 ara d
040 _aGCL /
_cGCL
082 0 4 _a792.9
_bم د
100 1 _aمحمد زكى العشماوى
245 1 0 _aدراسات فى ادب المسرح /
_cمحمد زكى العشماوى
300 _a236 ص
490 _aالهيئة العامة للاستعلامات
_v0
650 0 4 _aالمسرحيات - تاريخ ونقد
650 0 4 _aالمسرح - نقد
942 _2ddc
_cBK
999 _c49949
_d49949